Autonomous software-defined radio receivers for deep space applications (Record no. 8631)

000 -LEADER
fixed length control field 01092 a2200265 4500
020 ## - INTERNATIONAL STANDARD BOOK NUMBER
International Standard Book Number 0470082127
020 ## - INTERNATIONAL STANDARD BOOK NUMBER
International Standard Book Number 9780470082126
020 ## - INTERNATIONAL STANDARD BOOK NUMBER
International Standard Book Number 9780470082126
035 ## - SYSTEM CONTROL NUMBER
System control number (OCoLC)ocm69680167
035 ## - SYSTEM CONTROL NUMBER
System control number (OCoLC)69680167
040 ## - CATALOGING SOURCE
Original cataloging agency DLC
Language of cataloging DLC
082 00 - DEWEY DECIMAL CLASSIFICATION NUMBER
Classification number 629.4743
245 00 - TITLE STATEMENT
Title Autonomous software-defined radio receivers for deep space applications
Statement of responsibility, etc. edited by Jon Hamkins and Marvin K. Simon
260 ## - PUBLICATION, DISTRIBUTION, ETC.
Place of publication, distribution, etc. Hoboken, N.J. :
Name of publisher, distributor, etc. Wiley-Interscience,
Date of publication, distribution, etc. c2006.
300 ## - PHYSICAL DESCRIPTION
Extent xxii, 435 p. :
Other physical details ill. ;
Dimensions 25 cm.
440 #0 - SERIES STATEMENT/ADDED ENTRY--TITLE
Title Deep-space communications and navigation series
650 #0 - SUBJECT ADDED ENTRY--TOPICAL TERM
Topical term or geographic name entry element Astronautics
General subdivision Communication systems.
650 #0 - SUBJECT ADDED ENTRY--TOPICAL TERM
Topical term or geographic name entry element Software radio.
700 1# - ADDED ENTRY--PERSONAL NAME
Personal name Hamkins, Jon,
Dates associated with a name 1968-
700 1# - ADDED ENTRY--PERSONAL NAME
Personal name Simon, Marvin Kenneth,
Dates associated with a name 1939-
856 42 - ELECTRONIC LOCATION AND ACCESS
Materials specified Contributor biographical information
Uniform Resource Identifier <a href="http://www.loc.gov/catdir/enhancements/fy0741/2006046396-b.html">http://www.loc.gov/catdir/enhancements/fy0741/2006046396-b.html</a>
856 42 - ELECTRONIC LOCATION AND ACCESS
Materials specified Publisher description
Uniform Resource Identifier <a href="http://www.loc.gov/catdir/enhancements/fy0741/2006046396-d.html">http://www.loc.gov/catdir/enhancements/fy0741/2006046396-d.html</a>
856 42 - ELECTRONIC LOCATION AND ACCESS
Materials specified Table of contents only
Uniform Resource Identifier <a href="http://www.loc.gov/catdir/enhancements/fy0741/2006046396-t.html">http://www.loc.gov/catdir/enhancements/fy0741/2006046396-t.html</a>
942 ## - ADDED ENTRY ELEMENTS (KOHA)
Koha item type Book
Call number prefix 629.4743 HAM
Source of classification or shelving scheme
Holdings
Withdrawn status Lost status Damaged status Not for loan Collection code Permanent Location Current Location Shelving location Date acquired Source of acquisition Cost, normal purchase price Total Checkouts Full call number Barcode Date last seen Price effective from Koha item type
          Central Library (CL) Central Library (CL) General Stacks 02/20/2007 A & J Def Tek Concultants 9792.90   629.4743 HAM SEECS008156 11/14/2012 01/05/2017 Book
© 2023 Central Library, National University of Sciences and Technology. All Rights Reserved.